[Event "2BLN 1920 SG Turm Kiel II - SV Glückau"]
[Site "?"]
[Date "2020.02.09"]
[Round "8.7"]
[White "Sroczynski, Maciej"]
[Black "Boehm, Thomas"]
[Result "1/2-1/2"]
[WhiteElo "2269"]
[BlackElo "2147"]
[PlyCount "106"]
[EventDate "2020.??.??"]

1. d4 Nf6 2. Nf3 e6 3. c4 Bb4+ 4. Nbd2 O-O 5. g3 Nc6 6. a3 Bxd2+ 7. Bxd2 a5 8.
Bg2 Qe7 9. O-O d6 10. b4 axb4 11. axb4 Rxa1 12. Qxa1 Ne4 13. b5 Nxd2 14. Nxd2
Nd8 15. Qa8 Qd7 16. Rd1 e5 17. dxe5 dxe5 18. Qa1 Qe7 19. h3 b6 20. Ne4 Nb7 21.
e3 h6 22. Kh2 Re8 23. Qb2 Nc5 24. Qa3 Nd7 25. Qxe7 Rxe7 26. Nc3 Nf6 27. Bc6 Be6
28. Rd8+ Kh7 29. Nd5 Bxd5 30. cxd5 Ne4 31. f3 Nd6 32. g4 g5 33. Kg3 Kg7 34. e4
Nc4 35. h4 Nd6 36. Ra8 Nc4 37. Ra7 Nd6 38. Ra4 Kf6 39. Ra8 Kg7 40. Kh3 Nc4 41.
h5 Nd6 42. Kg3 Kh7 43. Kf2 Kg7 44. Ke2 Kh7 45. Kd3 Kg7 46. Rd8 f6 47. Kc3 Nf7
48. Ra8 Nd6 49. Kb4 Kh7 50. Rd8 Kg7 51. Ra8 Kh7 52. Rd8 Kg7 53. Ra8 Kh7 1/2-1/2

[Event "2BLN 1920 SG Turm Kiel II - SV Glückau"]
[Site "?"]
[Date "2020.02.09"]
[Round "8.8"]
[White "Budzyn, Matthias"]
[Black "Szyszylo, Rafal"]
[Result "0-1"]
[WhiteElo "2152"]
[BlackElo "2218"]
[PlyCount "84"]
[EventDate "2020.??.??"]

1. e4 g6 2. d4 d6 3. Bc4 Nf6 4. Qe2 Bg7 5. Nf3 O-O 6. e5 dxe5 7. dxe5 Nd5 8.
O-O Bg4 9. Nbd2 Nb6 10. Bd3 Nc6 11. h3 Bxf3 12. Nxf3 Nd4 13. Nxd4 Qxd4 14. Re1
Rad8 15. Qe4 Qxe4 16. Rxe4 Nd7 17. Bg5 Nc5 18. Bxe7 Nxe4 19. Bxf8 Kxf8 20. Bxe4
Bxe5 21. Bxb7 Rd2 22. Be4 Bxb2 23. Rb1 Bd4 24. Rf1 Ke7 25. g4 Kd6 26. Kg2 c5
27. Kg3 c4 28. f4 Re2 29. Bf3 Rxc2 30. Rd1 Kc5 31. g5 Rxa2 32. Kg4 Ra1 33. f5
Rxd1 34. Bxd1 a5 35. fxg6 fxg6 36. Kf3 Kb4 37. Ke4 a4 38. Bc2 a3 39. Bb1 Kb3
40. Kxd4 Kb2 41. Ba2 c3 42. Kd3 c2 0-1

[Event "2BLN 1920 SC Empor Potsdam - SV Werder"]
[Site "?"]
[Date "2021.08.07"]
[Round "9.1"]
[White "Grigorian, Spartak"]
[Black "Hansch, Karsten"]
[Result "1-0"]
[WhiteElo "2448"]
[BlackElo "2301"]
[PlyCount "81"]
[EventDate "2021.??.??"]

1. d4 d5 2. c4 e6 3. Nc3 Be7 4. Nf3 Nf6 5. Bf4 O-O 6. e3 Nbd7 7. c5 c6 8. h3 b6
9. b4 a5 10. a3 h6 11. Be2 Ba6 12. O-O Qc8 13. Qc2 Bxe2 14. Nxe2 Qb7 15. Rfb1
axb4 16. axb4 Rxa1 17. Rxa1 Ra8 18. Ra2 Ne4 19. Nc1 Ra6 20. Qb2 Qa8 21. Bc7 b5
22. Ra5 Rxa5 23. bxa5 Qb7 24. Bb6 Nxb6 25. axb6 Bxc5 26. dxc5 Nxc5 27. Qa3 Qxb6
28. Qa8+ Kh7 29. Ne5 b4 30. Nxf7 Qc7 31. Qf8 Kg6 32. Nh8+ Kh7 33. Nf7 Kg6 34.
Nh8+ Kh7 35. Qxc5 Kxh8 36. Qxb4 c5 37. Qc3 c4 38. f4 Qb6 39. Kf2 Kg8 40. Ne2 g5
41. Qf6 1-0

[Event "2BLN 1920 SC Empor Potsdam - SV Werder"]
[Site "?"]
[Date "2021.08.07"]
[Round "9.2"]
[White "Penzold, Andreas"]
[Black "Reuker, Jari"]
[Result "1/2-1/2"]
[WhiteElo "2393"]
[BlackElo "2404"]
[PlyCount "177"]
[EventDate "2021.??.??"]

1. c4 Nf6 2. Nc3 e5 3. g3 Bb4 4. Bg2 O-O 5. Nf3 e4 6. Ng5 Bxc3 7. dxc3 Re8 8.
O-O h6 9. Nh3 d6 10. f3 Nc6 11. Nf2 Bf5 12. b3 Qe7 13. g4 Bg6 14. Bf4 Rad8 15.
Qc1 a6 16. Bg3 b5 17. cxb5 axb5 18. a4 Rb8 19. axb5 Rxb5 20. b4 Ne5 21. Ra7 Nc4
22. Rd1 Qd8 23. Rd4 Qb8 24. Ra1 Ne5 25. fxe4 Qb6 26. h3 Nc6 27. Rd3 Nxe4 28.
Qe3 Nf6 29. Qxb6 Rxb6 30. Rd2 Re3 31. Bh4 Rxc3 32. Ra8+ Kh7 33. Rc8 Ne7 34. Rf8
Rxb4 35. Ra2 Bb1 36. Bxf6 gxf6 37. Raa8 Kg7 38. Rfe8 Re3 39. Bf3 f5 40. Ra7 Rc4
41. Nd1 Re5 42. Kf2 fxg4 43. hxg4 Bg6 44. Ne3 Rc3 45. Rxe7 Rxe7 46. Nd5 Rxf3+
47. exf3 Re5 48. Nxc7 Bd3 49. Ra8 d5 50. Rd8 Bc4 51. Ne8+ Kg6 52. f4 Re2+ 53.
Kf3 Re1 54. Rd6+ Kh7 55. Nf6+ Kg7 56. Nh5+ Kf8 57. Rxh6 d4 58. Rd6 Re3+ 59. Kf2
Re2+ 60. Kf3 Re3+ 61. Kf2 Rd3 62. Ng3 Be6 63. f5 Ke7 64. Ne4 Bc8 65. f6+ Ke8
66. g5 Bf5 67. Nc5 Rd2+ 68. Ke1 Rb2 69. Rxd4 Rb8 70. Rd5 Bg4 71. Kf2 Rd8 72.
Re5+ Kf8 73. Kg3 Bc8 74. Re7 Rd5 75. Ne4 Bf5 76. Kf4 Bxe4 77. Rxe4 Rd1 78. Rc4
Kg8 79. Rc8+ Kh7 80. Rf8 Rd7 81. Re8 Ra7 82. Re7 Ra4+ 83. Kf5 Ra5+ 84. Re5 Ra6
85. g6+ fxg6+ 86. Kg5 Ra1 87. Re7+ Kg8 88. Kxg6 Rg1+ 89. Kf5 1/2-1/2

[Event "2BLN 1920 SC Empor Potsdam - SV Werder"]
[Site "?"]
[Date "2021.08.07"]
[Round "9.3"]
[White "Zumsande, Martin"]
[Black "Hansch, Stephan"]
[Result "1-0"]
[WhiteElo "2465"]
[BlackElo "2158"]
[PlyCount "61"]
[EventDate "2021.??.??"]

1. e4 c5 2. Nf3 d6 3. c3 Nf6 4. h3 Nc6 5. Bd3 g6 6. O-O Bg7 7. Bc2 e5 8. d3 O-O
9. Nbd2 b5 10. a4 b4 11. Nc4 Ba6 12. Bb3 d5 13. exd5 Nxd5 14. Bg5 Qc7 15. cxb4
Ndxb4 16. Qd2 h6 17. Bxh6 Rfd8 18. Qg5 Rxd3 19. Ncd2 Rxb3 20. Nxb3 Bxf1 21.
Rxf1 Nd4 22. Nbxd4 exd4 23. Rc1 Nd3 24. Bxg7 Kxg7 25. Rc2 Qa5 26. Rd2 Qa6 27.
Ne5 Nb4 28. Qe7 Qf6 29. Qxc5 Re8 30. Nf3 Nc6 31. b4 1-0

[Event "2BLN 1920 SC Empor Potsdam - SV Werder"]
[Site "?"]
[Date "2021.08.07"]
[Round "9.4"]
[White "Tiarks, Jann-Christian"]
[Black "Meins, Gerlef"]
[Result "0-1"]
[WhiteElo "2104"]
[BlackElo "2423"]
[PlyCount "94"]
[EventDate "2021.??.??"]

1. e4 c5 2. Nf3 Nc6 3. Bb5 Nf6 4. e5 Nd5 5. O-O g6 6. Nc3 Nc7 7. d4 cxd4 8.
Nxd4 Nxe5 9. Re1 Bg7 10. Bf4 f6 11. Bg3 O-O 12. f4 Nf7 13. f5 e5 14. fxe6 dxe6
15. Bc4 e5 16. Ndb5 Be6 17. Qxd8 Raxd8 18. Bxe6 Nxe6 19. Nxa7 Nd4 20. Red1 Nxc2
21. Rac1 Ne3 22. Re1 Bh6 23. Bf2 Ng4 24. Rcd1 Nxf2 25. Kxf2 Bd2 26. Re2 Bxc3
27. Rxd8 Rxd8 28. bxc3 Rd5 29. Rb2 Nd6 30. a4 f5 31. Nb5 Nxb5 32. axb5 Kf7 33.
Ke3 Ke6 34. c4 Rc5 35. Kd3 Kd6 36. Ra2 Rc7 37. Ra8 Kc5 38. Kc3 e4 39. Rd8 Re7
40. Rd5+ Kb6 41. Kb4 e3 42. c5+ Kc7 43. b6+ Kc8 44. Rd1 e2 45. Re1 Kd7 46. Kb5
Re5 47. g3 g5 0-1

[Event "2BLN 1920 SC Empor Potsdam - SV Werder"]
[Site "?"]
[Date "2021.08.07"]
[Round "9.5"]
[White "Joachim, Sven"]
[Black "Schoene, Ralf"]
[Result "1/2-1/2"]
[WhiteElo "2388"]
[BlackElo "2257"]
[PlyCount "71"]
[EventDate "2021.??.??"]

1. e4 e5 2. Nf3 Nc6 3. Nc3 Nf6 4. Be2 d6 5. d4 Be7 6. O-O O-O 7. d5 Nb8 8. a4
a5 9. Nd2 Na6 10. Nc4 Nc5 11. Bf3 b6 12. Re1 Ne8 13. Bg4 Bg5 14. Bxc8 Rxc8 15.
Rf1 Bxc1 16. Qxc1 Nf6 17. Qe3 g6 18. f4 exf4 19. Qxf4 Nfd7 20. e5 Nxe5 21. Nxe5
dxe5 22. Qxe5 Qd7 23. Rad1 Rce8 24. Qd4 f5 25. d6 Qxd6 26. Qxd6 cxd6 27. Rxd6
Ne4 28. Nxe4 Rxe4 29. Rfd1 Re2 30. R1d2 Rxd2 31. Rxd2 Kg7 32. Kf2 g5 33. Rd5
Kg6 34. c3 Rf6 35. b4 Rc6 36. bxa5 1/2-1/2

[Event "2BLN 1920 SC Empor Potsdam - SV Werder"]
[Site "?"]
[Date "2021.08.07"]
[Round "9.6"]
[White "Haasler, Andreas"]
[Black "Richter, Christian"]
[Result "0-1"]
[WhiteElo "2226"]
[BlackElo "2348"]
[PlyCount "110"]
[EventDate "2021.??.??"]

1. d4 Nf6 2. Nf3 g6 3. g3 Bg7 4. Bg2 O-O 5. O-O d6 6. b3 d5 7. Bb2 Bf5 8. c4 c6
9. Nbd2 Ne4 10. Nh4 Nxd2 11. Qxd2 Be6 12. Nf3 h6 13. Rac1 a5 14. Rfd1 Nd7 15.
cxd5 Bxd5 16. Ne5 Nxe5 17. dxe5 Be6 18. Qe3 Qc7 19. f4 a4 20. Bd5 Bxd5 21. Rxd5
Ra5 22. Rd3 axb3 23. axb3 Rd8 24. Bd4 Rb5 25. Rc5 Qa5 26. Bc3 Rxd3 27. exd3 Qb6
28. b4 e6 29. Qd4 Bf8 30. Rxb5 Qxb5 31. Kg2 Qa4 32. g4 Qd1 33. h3 h5 34. f5
Qe2+ 35. Kg1 gxf5 36. Qf4 fxg4 37. hxg4 Qxd3 38. Qg5+ Qg6 39. Qxh5 Qxh5 40.
gxh5 Kh7 41. Bd2 Bh6 42. Bc3 Bg5 43. Kf2 Kh6 44. Kf3 Kxh5 45. Ke4 Kg4 46. Be1
Be7 47. Bd2 Kg3 48. Be1+ Kg4 49. Bd2 Kh5 50. Bc3 Kg6 51. Kf4 Kg7 52. Kg4 f5+
53. Kh5 c5 54. Bd2 b5 55. Bc3 cxb4 0-1

[Event "2BLN 1920 SC Empor Potsdam - SV Werder"]
[Site "?"]
[Date "2021.08.07"]
[Round "9.7"]
[White "Kardoeus, David"]
[Black "Trenner, Rolf"]
[Result "0-1"]
[WhiteElo "2188"]
[BlackElo "2181"]
[PlyCount "74"]
[EventDate "2021.??.??"]

1. e4 e5 2. Nf3 Nc6 3. Bb5 a6 4. Ba4 Nf6 5. O-O Nxe4 6. d4 b5 7. Bb3 d5 8. dxe5
Be6 9. Qe2 Na5 10. Rd1 c5 11. c4 Nxc4 12. a4 Be7 13. Bc2 Qb8 14. axb5 axb5 15.
Rxa8 Qxa8 16. b3 Nb6 17. Qxb5+ Nd7 18. Bxe4 dxe4 19. Ng5 Bxg5 20. Bxg5 O-O 21.
Nd2 Qd5 22. Bf4 Nxe5 23. Bxe5 Qxe5 24. Re1 f5 25. g3 Qc3 26. Re2 Bd5 27. Nc4 f4
28. gxf4 Qc1+ 29. Kg2 Qxf4 30. Ne3 Be6 31. Kf1 Qxh2 32. Rd2 Qh1+ 33. Ke2 Qg1
34. Nd1 Bg4+ 35. Ke3 Bxd1 36. Qc4+ Kh8 37. Qf7 Qe1+ 0-1

[Event "2BLN 1920 SC Empor Potsdam - SV Werder "]
[Site "?"]
[Date "2021.08.07"]
[Round "9.8"]
[White "Marwitz, Tino"]
[Black "Heldt, Nils-Lennart"]
[Result "0-1"]
[WhiteElo "2009"]
[BlackElo "2072"]
[PlyCount "88"]
[EventDate "2021.??.??"]

1. d4 d5 2. c4 c6 3. Nf3 Nf6 4. g3 Bf5 5. Bg2 e6 6. O-O h6 7. Nc3 Nbd7 8. cxd5
exd5 9. Ne5 Bd6 10. Bf4 Bxe5 11. dxe5 g5 12. exf6 gxf4 13. Qd4 fxg3 14. fxg3
Be6 15. e4 c5 16. Qf2 d4 17. Nd5 Ne5 18. Qf4 Ng6 19. Nc7+ Kf8 20. Nxe6+ fxe6
21. Qg4 Kf7 22. e5 h5 23. Qg5 Qc7 24. Rae1 Rag8 25. Bd5 Nf8 26. Qf5 h4 27. Rf3
Qa5 28. Qe4 hxg3 29. Rxg3 Qd2 30. Re2 Qd1+ 31. Re1 Rxg3+ 32. hxg3 Qh5 33. Qg2
exd5 34. Qxd5+ Kg6 35. Qe4+ Qf5 36. Qxb7 Rh7 37. Qa8 Rh3 38. Kg2 Qg4 39. Qe4+
Qxe4+ 40. Rxe4 Rh7 41. Rg4+ Kf5 42. Rg8 Ne6 43. Re8 Kxe5 44. Re7 Rxe7 0-1

[Event "2BLN 1920 Hamburger SK II - SK Zehlendo"]
[Site "?"]
[Date "2021.08.07"]
[Round "9.2"]
[White "Voigt, Roland"]
[Black "Lagunow, Raphael"]
[Result "0-1"]
[WhiteElo "2451"]
[BlackElo "2378"]
[PlyCount "60"]
[EventDate "2021.??.??"]

1. c4 f5 2. Nf3 Nf6 3. g3 g6 4. Bg2 Bg7 5. O-O O-O 6. Nc3 d6 7. Rb1 a5 8. d3
Nc6 9. a3 Nh5 10. Bd2 f4 11. Qc1 Bg4 12. gxf4 e5 13. Nd5 Nd4 14. Nxd4 exd4 15.
c5 Bxe2 16. cxd6 cxd6 17. Re1 Bxd3 18. Ra1 Kh8 19. Qd1 Bc4 20. Qf3 Rc8 21. b3
Bxd5 22. Qxd5 Rc2 23. Rad1 Nxf4 24. Qxb7 Nh3+ 25. Bxh3 Rxd2 26. Rc1 Qh4 27. Bg2
Be5 28. Rxe5 Qxf2+ 29. Kh1 dxe5 30. Rg1 Re2 0-1

[Event "2BLN 1920 Hamburger SK II - SK Zehlendo"]
[Site "?"]
[Date "2021.08.07"]
[Round "9.3"]
[White "Malek, Daniel"]
[Black "Bracker, Frank"]
[Result "1-0"]
[WhiteElo "2348"]
[BlackElo "2380"]
[PlyCount "71"]
[EventDate "2021.??.??"]

1. e4 c5 2. Nf3 e6 3. g3 Nc6 4. Bg2 Nf6 5. Qe2 e5 6. O-O Be7 7. c3 O-O 8. Na3
Re8 9. d3 Bf8 10. Bg5 h6 11. Bxf6 Qxf6 12. Nc4 d6 13. Ne3 g6 14. Nd2 Qd8 15. a3
Rb8 16. f4 exf4 17. gxf4 Bg7 18. Kh1 b5 19. Qf2 a5 20. e5 Bb7 21. Ne4 dxe5 22.
f5 Kh8 23. Qg3 Rg8 24. Nxc5 Ba8 25. Ne4 b4 26. axb4 axb4 27. fxg6 fxg6 28. Nc4
Rf8 29. Qxg6 Qxd3 30. Ncd6 Ne7 31. Qe6 Nd5 32. Rxf8+ Bxf8 33. Nf7+ Kh7 34. Nxe5
Qe3 35. Qg6+ Kh8 36. Nf7# 1-0

[Event "2BLN 1920 Hamburger SK II - SK Zehlendo"]
[Site "?"]
[Date "2021.08.07"]
[Round "9.4"]
[White "Colpe, Malte"]
[Black "Meister, Jakob"]
[Result "1/2-1/2"]
[WhiteElo "2359"]
[BlackElo "2416"]
[PlyCount "72"]
[EventDate "2021.??.??"]

1. e4 c5 2. Nc3 Nc6 3. Nf3 g6 4. Bb5 Bg7 5. O-O Nd4 6. Nxd4 cxd4 7. Ne2 Qb6 8.
Ba4 Nf6 9. d3 O-O 10. c3 dxc3 11. bxc3 d6 12. Be3 Qc7 13. f3 d5 14. Kh1 dxe4
15. fxe4 Ng4 16. Bg1 Bh6 17. h3 Ne3 18. Bxe3 Bxe3 19. Bb3 Bd7 20. Rf3 Bh6 21.
Qf1 e6 22. Qf2 Bg7 23. Rf1 f6 24. h4 a5 25. a4 Kh8 26. Qe3 f5 27. h5 gxh5 28.
d4 Rae8 29. e5 b5 30. axb5 Bxb5 31. c4 Bd7 32. Qg5 a4 33. Ba2 Bc6 34. Rg3 Rg8
35. Qh4 Qf7 36. Nf4 Bh6 1/2-1/2

[Event "2BLN 1920 Hamburger SK II - SK Zehlendo"]
[Site "?"]
[Date "2021.08.07"]
[Round "9.5"]
[White "Lagunow, Alexander"]
[Black "Kramer, Julian"]
[Result "0-1"]
[WhiteElo "2372"]
[BlackElo "2419"]
[PlyCount "60"]
[EventDate "2021.??.??"]

1. c4 Nf6 2. Nc3 d5 3. cxd5 Nxd5 4. g3 g6 5. Bg2 Nb6 6. d4 Bg7 7. Nf3 c5 8.
dxc5 Bxc3+ 9. bxc3 Qxd1+ 10. Kxd1 Na4 11. Nd4 Nxc5 12. Ba3 Nba6 13. Rb1 Bd7 14.
Bxb7 Rb8 15. Bxc5 Nxc5 16. Be4 Rd8 17. Bc2 Bc6 18. Re1 e5 19. e3 O-O 20. Kc1
exd4 21. exd4 Na4 22. Rb3 Rd7 23. Re5 Nb6 24. Bd3 Bd5 25. Ra3 f6 26. Re2 Rc8
27. Ba6 Rcc7 28. Kc2 Kg7 29. Ra5 Bf7 30. Bd3 Rxd4 0-1

[Event "2BLN 1920 Hamburger SK II - SK Zehlendo"]
[Site "?"]
[Date "2021.08.07"]
[Round "9.6"]
[White "Sievers, Stefan"]
[Black "Brustkern, Juergen"]
[Result "1/2-1/2"]
[WhiteElo "2343"]
[BlackElo "2231"]
[PlyCount "25"]
[EventDate "2021.??.??"]

1. Nf3 f5 2. d3 d5 3. g3 Nf6 4. Bg2 Nc6 5. O-O e5 6. c4 dxc4 7. Qa4 Bd6 8. Qxc4
Qe7 9. a3 Be6 10. Qb5 O-O 11. Nc3 a6 12. Qa4 Kh8 13. Be3 1/2-1/2

[Event "2BLN 1920 Hamburger SK II - SK Zehlendo"]
[Site "?"]
[Date "2021.08.07"]
[Round "9.7"]
[White "Bede, Maxime"]
[Black "Woelk, Tom-Frederic"]
[Result "0-1"]
[WhiteElo "1660"]
[BlackElo "2314"]
[PlyCount "50"]
[EventDate "2021.??.??"]

1. e4 c5 2. Nf3 e6 3. d4 cxd4 4. Nxd4 Nc6 5. Nc3 Qc7 6. Ndb5 Qb8 7. Be3 a6 8.
Nd4 Nf6 9. f4 Bb4 10. e5 Nd5 11. Qd3 Nxd4 12. Qxd4 d6 13. exd6 Nxe3 14. Qxe3
Qxd6 15. Rd1 Qe7 16. Qe5 O-O 17. Bc4 Bc5 18. Ne4 Ba7 19. Rf1 Bb8 20. Qd4 b5 21.
Bb3 Qh4+ 22. g3 Qxh2 23. Rd2 Qh5 24. Ng5 Ra7 25. Rff2 Rd7 0-1

[Event "2BLN 1920 Hamburger SK II - SK Zehlendo"]
[Site "?"]
[Date "2021.08.07"]
[Round "9.8"]
[White "Engel, Robert"]
[Black "Morczynski, Joachim"]
[Result "1/2-1/2"]
[WhiteElo "2113"]
[BlackElo "1754"]
[PlyCount "72"]
[EventDate "2021.??.??"]

1. e4 c5 2. Nf3 Nc6 3. Bb5 g6 4. Bxc6 dxc6 5. d3 Bg7 6. h3 Nf6 7. Nc3 O-O 8.
Be3 b6 9. Qd2 Ne8 10. Bh6 f6 11. e5 Qc7 12. exf6 exf6 13. O-O-O Bxh6 14. Qxh6
Ng7 15. Ne4 Be6 16. Kb1 Bd5 17. Nh2 Rae8 18. f3 Nf5 19. Qd2 Bxe4 20. dxe4 Ng3
21. Rhe1 Rd8 22. Qe3 Rxd1+ 23. Rxd1 Nxe4 24. Ng4 f5 25. Nh6+ Kg7 26. fxe4 f4
27. Qe1 Kxh6 28. e5 Rf5 29. Qh4+ Kg7 30. e6 Rd5 31. Re1 Qd6 32. Qg4 Re5 33. Rd1
Qxe6 34. Rd7+ Kg8 35. Rd8+ Kg7 36. Rd7+ Kg8 1/2-1/2

[Event "2BLN 1920 FC St. Pauli - SK König Tegel"]
[Site "?"]
[Date "2021.08.07"]
[Round "9.1"]
[White "Stern, Rene"]
[Black "Krause, Benedict"]
[Result "1/2-1/2"]
[WhiteElo "2517"]
[BlackElo "2425"]
[PlyCount "87"]
[EventDate "2021.??.??"]

1. Nf3 Nf6 2. c4 c5 3. Nc3 d5 4. cxd5 Nxd5 5. e3 Nc6 6. Bb5 e6 7. Ne5 Bd7 8.
Bxc6 Bxc6 9. Nxc6 bxc6 10. b3 Nxc3 11. dxc3 Qxd1+ 12. Kxd1 O-O-O+ 13. Kc2 c4
14. bxc4 Bc5 15. e4 h5 16. f3 e5 17. Rd1 Rxd1 18. Kxd1 Rd8+ 19. Ke2 Rd7 20. Rb1
f6 21. f4 exf4 22. Bxf4 Bb6 23. c5 Bc7 24. Bxc7 Kxc7 25. Ke3 Rd8 26. Rf1 Rb8
27. e5 Re8 28. Rf5 g6 29. Rxf6 Rxe5+ 30. Kd4 Rd5+ 31. Kc4 Rg5 32. g3 h4 33.
Rf7+ Kb8 34. Rf3 Kc7 35. Kb4 hxg3 36. hxg3 Rf5 37. Re3 Kd7 38. a4 Rg5 39. Rf3
Rf5 40. Rd3+ Kc7 41. Rd4 Rg5 42. Rd3 Rg4+ 43. c4 a5+ 44. Kc3 1/2-1/2

[Event "2BLN 1920 FC St. Pauli - SK König Tegel"]
[Site "?"]
[Date "2021.08.07"]
[Round "9.2"]
[White "Feuerstack, Aljoscha"]
[Black "Rabiega, Robert"]
[Result "1-0"]
[WhiteElo "2473"]
[BlackElo "2511"]
[PlyCount "116"]
[EventDate "2021.??.??"]

1. e4 e5 2. Nf3 Nc6 3. Bb5 a6 4. Ba4 Nf6 5. O-O b5 6. Bb3 Bc5 7. c3 O-O 8. d4
Bb6 9. Nxe5 Nxe4 10. Bd5 Nf6 11. Nxc6 dxc6 12. Bxc6 Rb8 13. Qf3 Bd7 14. Bxd7
Qxd7 15. Bg5 Nd5 16. Nd2 h6 17. Bf4 Rbe8 18. Rfe1 Re6 19. Bg3 Rfe8 20. Rxe6
Qxe6 21. h3 c5 22. dxc5 Bxc5 23. Rd1 Nf6 24. Bh4 g5 25. Bg3 Rd8 26. Kf1 Re8 27.
Kg1 Rd8 28. Kf1 Re8 29. Nb3 Bb6 30. Nd4 Bxd4 31. cxd4 Nd5 32. Rc1 Rd8 33. a3
Re8 34. Kg1 Rd8 35. h4 Kg7 36. Rc5 Rd7 37. hxg5 hxg5 38. Qh5 Qg6 39. Qxg6+ Kxg6
40. Rc6+ Kf5 41. Rxa6 Ke4 42. Be5 g4 43. Kh2 Rd8 44. Rd6 Rxd6 45. Bxd6 Kxd4 46.
Kg3 f5 47. b3 Ke4 48. a4 bxa4 49. bxa4 Nc3 50. a5 Kd5 51. Bb8 Ne4+ 52. Kf4 Nxf2
53. Kxf5 Kc6 54. Ba7 Nd3 55. Kxg4 Ne5+ 56. Kf5 Nf7 57. Be3 Nd6+ 58. Ke6 Ne4 1-0

[Event "2BLN 1920 FC St. Pauli - SK König Tegel"]
[Site "?"]
[Date "2021.08.07"]
[Round "9.3"]
[White "Richter, Michael"]
[Black "Sawatzki, Frank"]
[Result "1-0"]
[WhiteElo "2501"]
[BlackElo "2392"]
[PlyCount "51"]
[EventDate "2021.??.??"]

1. d4 d5 2. c4 c6 3. cxd5 cxd5 4. Nc3 Nf6 5. Bg5 Ne4 6. Nxe4 dxe4 7. a3 Be6 8.
Qa4+ Nc6 9. e3 Bd5 10. Ne2 f6 11. Bf4 e6 12. Nc3 a6 13. Rc1 Bd6 14. Bxd6 Qxd6
15. Bc4 f5 16. Bxd5 exd5 17. Qb3 Ne7 18. Na4 Rb8 19. Nb6 h5 20. Rc5 Rd8 21. Na4
f4 22. exf4 b5 23. Nc3 Qxf4 24. O-O e3 25. Nxd5 exf2+ 26. Rxf2 1-0

[Event "2BLN 1920 FC St. Pauli - SK König Tegel"]
[Site "?"]
[Date "2021.08.07"]
[Round "9.4"]
[White "Ertan, Can"]
[Black "Muse, Mladen"]
[Result "0-1"]
[WhiteElo "2389"]
[BlackElo "2389"]
[PlyCount "72"]
[EventDate "2021.??.??"]

1. e4 g6 2. d4 Bg7 3. Nc3 c6 4. Bc4 e6 5. Nf3 d5 6. Bb3 Nd7 7. Bg5 Ne7 8. Qd2
h6 9. Be3 b5 10. a3 Nf6 11. e5 Nd7 12. h4 a5 13. h5 g5 14. Nh2 f6 15. f4 gxf4
16. Bxf4 fxe5 17. dxe5 Nxe5 18. Qe2 Nf7 19. Ng4 O-O 20. O-O-O Nf5 21. Kb1 a4
22. Ba2 b4 23. axb4 Qb6 24. Qe1 a3 25. b5 Qc5 26. Ne5 axb2 27. g4 d4 28. Rh3
Nxe5 29. gxf5 dxc3 30. Qxc3 Qa7 31. Qb3 Rxf5 32. Rd8+ Kh7 33. b6 Rxf4 34. Rc3
Qa6 35. Rxc8 Rxc8 36. Qxe6 Qxb6 0-1

[Event "2BLN 1920 FC St. Pauli - SK König Tegel"]
[Site "?"]
[Date "2021.08.07"]
[Round "9.5"]
[White "Bruedigam, Martin"]
[Black "Krause, Jonah"]
[Result "1/2-1/2"]
[WhiteElo "2386"]
[BlackElo "2348"]
[PlyCount "54"]
[EventDate "2021.??.??"]

1. e4 c5 2. Nf3 e6 3. g3 Nc6 4. Bg2 Nf6 5. Nc3 d5 6. exd5 exd5 7. d4 cxd4 8.
Nxd4 Bg4 9. Qd3 Bc5 10. Be3 Bb6 11. h3 Bh5 12. Nxc6 bxc6 13. Bxb6 Qxb6 14. g4
Bg6 15. Qe2+ Kd7 16. O-O-O Qb4 17. Bxd5 cxd5 18. Nxd5 Nxd5 19. Rxd5+ Kc6 20.
Rhd1 Rab8 21. Qe5 Qc4 22. Qd6+ Kb7 23. Rc5 Qe4 24. Rd4 Qh1+ 25. Rd1 Qe4 26. Rd4
Qe1+ 27. Rd1 Qe4 1/2-1/2

[Event "2BLN 1920 FC St. Pauli - SK König Tegel"]
[Site "?"]
[Date "2021.08.07"]
[Round "9.6"]
[White "Voigt, Martin"]
[Black "Fruebing, Stefan"]
[Result "1-0"]
[WhiteElo "2289"]
[BlackElo "2406"]
[PlyCount "121"]
[EventDate "2021.??.??"]

1. e4 e5 2. Nf3 Nc6 3. Nc3 Nf6 4. d4 exd4 5. Nxd4 Bb4 6. Nxc6 bxc6 7. Bd3 d5 8.
exd5 O-O 9. O-O Bg4 10. Be2 Bxe2 11. Nxe2 cxd5 12. Bg5 Re8 13. Nd4 Bd6 14. Qf3
Be5 15. Rad1 Qd7 16. Nf5 Ne4 17. Bc1 Qe6 18. g3 Rad8 19. c4 c6 20. cxd5 cxd5
21. Kg2 Qf6 22. Ne3 Qxf3+ 23. Kxf3 Nf6 24. Rd3 Rd7 25. Rfd1 Red8 26. b3 g6 27.
Ng4 Nxg4 28. Kxg4 f6 29. Ba3 Kf7 30. Bc5 Ke6 31. b4 a6 32. f4 f5+ 33. Kf3 Bf6
34. Ra3 Ra8 35. b5 Rc7 36. Bd4 Bxd4 37. Rxd4 Rc5 38. bxa6 Ra7 39. Ke3 Rc6 40.
Rda4 Kd6 41. Kd4 Rb6 42. Ra5 Rb4+ 43. Kc3 Re4 44. Kd3 Re6 45. Rb5 Kc6 46. Raa5
Kc7 47. Rc5+ Kb6 48. Rxd5 Rxa6 49. Rxa6+ Kxa6 50. Rd7 h5 51. Kd4 Kb5 52. Kd5
Re2 53. Rb7+ Ka4 54. Rg7 Rxh2 55. Rxg6 h4 56. gxh4 Rxh4 57. Ke5 Rh5 58. Rg5 Rh2
59. Rxf5 Rxa2 60. Rf8 Kb5 61. Rc8 1-0

[Event "2BLN 1920 FC St. Pauli - SK König Tegel"]
[Site "?"]
[Date "2021.08.07"]
[Round "9.7"]
[White "Von Herman, Ulf"]
[Black "Jahncke, Giso"]
[Result "0-1"]
[WhiteElo "2350"]
[BlackElo "2306"]
[PlyCount "86"]
[EventDate "2021.??.??"]

1. d4 Nf6 2. c4 e6 3. Nf3 d5 4. Nc3 Bb4 5. cxd5 exd5 6. Bg5 h6 7. Bxf6 Qxf6 8.
Qb3 Qb6 9. e3 c6 10. Bd3 Bd6 11. Qc2 Nd7 12. O-O Nf6 13. Rab1 O-O 14. b4 a6 15.
h3 Re8 16. Rfc1 Qd8 17. a4 Qe7 18. b5 axb5 19. axb5 Ne4 20. bxc6 bxc6 21. Rb6
Bd7 22. Rb7 Rad8 23. Ra1 Bb8 24. Ra6 Ng5 25. Be2 Qd6 26. Ne5 Rxe5 27. dxe5 Qxe5
28. Bg4 f5 29. Bf3 Qh2+ 30. Kf1 Bc8 31. Qb3 Nxf3 32. gxf3 Bxb7 33. Qxb7 d4 34.
exd4 Qh1+ 35. Ke2 Re8+ 36. Kd2 Bf4+ 37. Kc2 Qc1+ 38. Kd3 Qf1+ 39. Kc2 Qxf2+ 40.
Kb3 Qxd4 41. Rxc6 Kh7 42. Rc8 Re6 43. Rc6 Be5 0-1

[Event "2BLN 1920 FC St. Pauli - SK König Tegel"]
[Site "?"]
[Date "2021.08.07"]
[Round "9.8"]
[White "Stenner, Patrick"]
[Black "Mueller, Nick"]
[Result "0-1"]
[WhiteElo "2261"]
[BlackElo "2375"]
[PlyCount "118"]
[EventDate "2021.??.??"]

1. e4 e5 2. Nf3 Nf6 3. Nxe5 d6 4. Nf3 Nxe4 5. d4 d5 6. Bd3 Bf5 7. O-O Be7 8.
Re1 O-O 9. c4 Nc6 10. Nc3 Nxc3 11. bxc3 Bxd3 12. Qxd3 dxc4 13. Qxc4 Bd6 14. Qb5
Rb8 15. Bg5 Qd7 16. Rab1 a6 17. Qd3 b5 18. Bd2 Ne7 19. c4 c6 20. Bb4 Bxb4 21.
Rxb4 Rbd8 22. Rbb1 Ng6 23. h3 Qd6 24. cxb5 cxb5 25. Qf5 Ne7 26. Qe4 Nd5 27. Rb3
h6 28. Qe5 Qd7 29. Qh5 Nf4 30. Qg4 Qxg4 31. hxg4 Ne6 32. Rbb1 Nf4 33. Rb3 Rd6
34. a4 b4 35. a5 Rb8 36. Kf1 Rd5 37. Ra1 Ne6 38. Ra4 Rdb5 39. g3 g5 40. Ke2 h5
41. Ke3 hxg4 42. Ne5 Nxd4 43. Kxd4 Rd8+ 44. Kc4 Rxe5 45. Kxb4 Rdd5 46. Kc3 Rf5
47. Rb2 Rxa5 48. Rxg4 Ra3+ 49. Kb4 Raf3 50. Ra2 a5+ 51. Rxa5 Rxa5 52. Kxa5 f6
53. Kb4 Rxf2 54. Kc3 Re2 55. Kd3 Re5 56. Ra4 Kg7 57. g4 Kg6 58. Ra6 Re1 59. Kd2
Re4 0-1

[Event "2BLN 1920 SV Werder Bremen II - SG AE M"]
[Site "?"]
[Date "2021.08.08"]
[Round "10.1"]
[White "Degtiarev, Evgeny"]
[Black "Grigorian, Spartak"]
[Result "0-1"]
[WhiteElo "2384"]
[BlackElo "2448"]
[PlyCount "112"]
[EventDate "2021.??.??"]

1. d4 Nf6 2. c4 e6 3. g3 d5 4. Nf3 Bb4+ 5. Bd2 Be7 6. Bg2 O-O 7. Qc2 c6 8. O-O
Nbd7 9. Bf4 b6 10. Rd1 Ba6 11. Nbd2 Nh5 12. Be3 Bb7 13. Rac1 Rc8 14. a3 a5 15.
Qb1 f5 16. b4 g5 17. Nf1 axb4 18. axb4 f4 19. Bd2 g4 20. Ne5 Nxe5 21. dxe5 Qe8
22. f3 gxf3 23. Bxf3 Kh8 24. g4 Ng7 25. c5 Ba6 26. cxb6 Rb8 27. Rc5 Rxb6 28.
Qc1 Bxc5+ 29. Qxc5 Qb8 30. h4 Rb5 31. Qe7 Qd8 32. Qxd8 Rxd8 33. h5 Rdb8 34. h6
Ne8 35. Rc1 Rc8 36. g5 d4 37. Bxf4 Rxb4 38. Bd2 Rb2 39. Ra1 Bb7 40. Bc1 Rb5 41.
e3 d3 42. Be4 c5 43. Bxd3 c4 44. Bc2 Rxe5 45. e4 Bxe4 46. Be3 Kg8 47. Bxe4 Rxe4
48. Kf2 c3 49. Ng3 Rh4 50. Kf3 c2 51. Bc1 Nd6 52. Ne2 e5 53. Ra7 Nf5 54. Rd7
Rh1 55. Ke4 Nd4 56. Rxd4 Rh4+ 0-1